000 00209 a2200097 4500
001 52573
100 _aDeighton Len
245 _aGoodbye Mickey Mouse
260 _aLondon
_bGranada
_c
090 _c33060
_d33060
942 _aNUST-CAE
_cM
_c25626
999 _c287646
_d287646